DJ Mag 100 #Most Top 10's - Statistics

General Stats
  • This quiz has been taken 64 times
  • The average score is 10 of 37
Answer Stats
Top 10's Answer Years % Correct
16 David Guetta 2007-2022
94%
9 Martin Garrix 2014-2022
87%
16 Tiësto 2004-2019
81%
19 Armin van Buuren 2004-2022
67%
10 Dimitri Vegas & Like Mike 2013-2022
67%
5 Avicii 2011-2015
63%
7 Hardwell 2012-2018
62%
9 Steve Aoki 2013-2019, 2021-2022
50%
1 Swedish House Mafia 2011
40%
11 Afrojack 2011-2013, 2015-2022
38%
2 Carl Cox 2005, 2007
38%
3 Timmy Trumpet 2020-2022
38%
3 Marshmello 2017-2019
37%
6 Oliver Heldens 2016, 2018-2022
31%
4 Skrillex 2012, 2014-2016
29%
3 Alok 2020-2022
25%
4 Deadmau5 2009-2012
25%
1 Axwell 2010
23%
1 The Chainsmokers 2017
23%
5 Don Diablo 2018-2022
21%
7 Paul van Dyk 2004-2010
21%
2 Nicky Romero 2013-2014
12%
7 Above & Beyond 2006-2012
8%
1 ATB 2005
8%
5 Sasha 2004-2008
8%
1 Paul Oakenfold 2004
6%
3 Dash Berlin 2011-2013
4%
5 John Digweed 2004-2008
4%
4 Markus Schulz 2008-2011
4%
1 DJ Dan 2006
2%
7 Ferry Corsten 2004-2010
2%
2 Gareth Emery 2009-2010
2%
2 Christopher Lawrence 2004, 2006
0%
3 Deep Dish 2004-2006
0%
2 Hernan Cattaneo 2004-2005
0%
2 Infected Mushroom 2007-2008
0%
1 Sander van Doorn 2009
0%
No matching quizzes found
Score Distribution
Percent of People with Each Score
Percentile by Number Answered
Your Score History
You have not taken this quiz